H:lla alkavat Suomen kaupungit - Statistics

Yleistilastot
  • Tätä visaa on pelattu 86 kertaa
  • Keskiarvotulos 8 / 10
Vastaustilastot
Hint Vastaus % Oikein
Uusimaa Helsinki
96%
Kanta-Häme Hämeenlinna
93%
Uusimaa Hanko
91%
Kymenlaakso Hamina
86%
Uusimaa Hyvinkää
86%
Päijät-Häme Heinola
84%
Satakunta Harjavalta
74%
Satakunta Huittinen
71%
Pohjois-Pohjanmaa Haapajärvi
59%
Pohjois-Pohjanmaa Haapavesi
58%
Ehtoja vastaavia visoja ei löytynyt
Tulosjakauma
Jokaisen tuloksen saaneiden osuus
Persentiili vastausten määrän mukaan
Tuloshistoriasi
Et ole pelannut tätä visaa